|
|
|
|
| LEADER |
00000nam a22000007a 4500 |
| 005 |
2022050300480.0 |
| 007 |
cr|||| |||| |
| 008 |
220503s2022 br |||||s|||| 00||0 por d |
| 020 |
|
|
|a 978-65-5515-417-7
|
| 035 |
|
|
|a 36259
|
| 040 |
|
|
|a vLex
|
| 090 |
|
|
|c 13268
|d 13268
|
| 100 |
1 |
|
|a Dadalto, Luciana
|
| 245 |
1 |
0 |
|a Testamento vital
|h [Recurso electrn̤ico] /
|c Luciana Dadalto
|
| 256 |
|
|
|a Servicio en ln̕ea
|
| 260 |
|
|
|a Indaiatuba:
|b Editora Foco,
|c 2022
|
| 300 |
|
|
|a 1 recurso electrn̤ico
|
| 506 |
1 |
|
|a Disponible solo en los productos indicados
|d vLex Global
|d vLex Global (Academic Edition, excluding Law Schools)
|d vLex Global (U.S. Academic Edition, Law Schools)
|d vLex Global (U.S. Academic Edition, excluding Law Schools)
|d vLex Global (Academic Edition, Law Schools)
|
| 650 |
0 |
4 |
|a Derecho Civil
|z Brasil
|
| 740 |
0 |
|
|a vLex Libros (Servicio en ln̕ea)
|
| 856 |
4 |
0 |
|u https://app.vlex.com/#/sources/36259
|z Acceso restringido
|
| 942 |
|
|
|c BOOK
|
| 999 |
0 |
|
|a Civil Law
|